000 00732nam a2200253 a 4500
001 30576
003 BD-RjUL
005 20211209051602.0
008 140410s1988 ii b 001 0 eng d
020 _a8185182051
035 _a(BD-RjUL)30662
040 _aDLC
_cDLC
_dBD-RjUL
_beng
041 _aeng
082 0 0 _a181.4
_219
_bDEH 1988
100 1 _aDevaraja, N. K.
_q(Nand Kishore),
_d1917-
_992901
245 1 0 _aHumanism in Indian thought /
_cN.K. Devaraja.
260 _aNew Delhi :
_bIndus Pub. Co.,
_c1988.
300 _a[6] 174 p. ;
_c22 cm.
504 _aIncludes bibliographical references and index.
650 0 _aHumanism
_zIndia.
_992902
942 _2ddc
_cBK
999 _c30576
_d30576